| 000 | 00351nam a22001457a 4500 | ||
|---|---|---|---|
| 003 | macl | ||
| 005 | 20170908124756.0 | ||
| 008 | 170908b xxu||||| |||| 00| 0 eng d | ||
| 040 | _cmacl | ||
| 100 |
_aZlock, Hermann _969051 |
||
| 245 | _aMen Who Defied Danger | ||
| 260 |
_aNew Delhi _bThomson Press _c1970 |
||
| 650 |
_aStory _969052 |
||
| 942 |
_2ddc _cBK |
||
| 999 |
_c57005 _d57005 |
||